| 000 | 00524nam a22001697a 4500 | ||
|---|---|---|---|
| 082 |
_a510.2462 _bBen _cL-2, p-27 |
||
| 100 |
_a Benny ,l.b. _938986 |
||
| 110 |
_aoxford university press _911185 |
||
| 245 |
_aMathematics for student of technology _bJunior course _c Benny ,l.b. |
||
| 260 |
_aLondon _bgeoffrey cumberledge _c1947 |
||
| 300 |
_ap.270.: _c20cm. |
||
| 526 |
_a0 _b0 _c0 _d510_246200000000000_BEN |
||
| 650 |
_aMCE _9379 |
||
| 700 |
_al.b.benny _938987 |
||
| 710 |
_aOxford university press _911185 |
||
| 942 |
_2ddc _cBK |
||
| 999 |
_c543581 _d543581 |
||